Indian medicinal plants. Volume 1 /

Бібліографічні деталі
Автор: Kirtikar, Kanhoba Ranchoddas, 1849-1917
Інші автори: Basu, Baman Das, 1867-1930 (joint author.)
Формат: Книга
Мова:English
Опубліковано: Dehra Dun: Bishen Singh Mahendra Pal Singh; IBD Books, 2005.
Редагування:Second edition /
Предмети:
Classic Catalogue: View this record in Classic Catalogue
LEADER 01525nam a2200325 a 4500
001 0018882
003 BD-DhAAL
008 090729s2005 ii a b 001 0 eng d
010 |a  75907475  
020 |a 8170892791 
040 |a DLC  |c DLC  |d DLC  |d BD-DhAAL 
082 0 0 |a 581.6340954  |2 22 
100 1 |a Kirtikar, Kanhoba Ranchoddas,  |d 1849-1917.  |9 58772 
245 1 0 |a Indian medicinal plants.  |n Volume 1 /  |c K. R. Kirtikar and B. D. Basu. 
250 |a Second edition /  |b edited, rev. enl., and mostly rewritten by E. Blatter, J. F. Caius, and K. S. Mhaskar. 
260 |a Dehra Dun:  |b Bishen Singh Mahendra Pal Singh;  |b IBD Books,  |c 2005. 
300 |a 838 pages :  |b illustrations ;  |c 22 cm 
362 0 |a Vol.1 
500 |a Reprint of the 2d ed. 
504 |a Includes Index and Bibliography. 
505 0 |a v. 1-4. Text. 
526 |x Mustak Ibn Ayub Department of Mathematics and Natural Sciences Course name and no. "not available" 
541 1 |e 0018882 
650 0 |a Medicinal plants  |z India.  |9 58773 
650 0 |a Materia medica, Vegetable  |z India.  |9 58774 
700 1 |a Basu, Baman Das,  |d 1867-1930,  |e joint author.  |9 58775 
852 4 |a Ayesha Abed Library  |c General Stacks 
942 |2 ddc  |c BK 
999 |c 3060  |d 3060 
952 |0 0  |1 0  |2 ddc  |4 0  |6 581_634095400000000_KIR_2005  |7 0  |9 2773  |a BRACUL  |b BRACUL  |c GEN  |d 2009-07-23  |e Parash Publishers  |g 1250.00  |l 0  |o 581.6340954 KIR  |p 3010018882  |r 2009-08-30  |t 1  |v 2500.00  |w 2009-08-30  |y BK  |x Requisitioned by Mustak Ibn Ayub, Department of Mathematics and Natural Sciences, Course name and no. "not available"